| 000 | 00361nam a2200133Ia 4500 | ||
|---|---|---|---|
| 008 | 191014s9999 xx 000 0 und d | ||
| 020 | _a0-521-37757-9 | ||
| 082 |
_a537.623 _bVID |
||
| 100 |
_aGianfranco Vidali _920418 |
||
| 245 | 0 | _aSuperconductivity The Next Revolution? | |
| 260 |
_aUK _bCambridge University Press _c1993 |
||
| 300 | _axii,165 | ||
| 942 | _cBK | ||
| 999 |
_c531000 _d531000 |
||